000 01514nam a2200253Ia 4500
003 Ost
005 20260507075044.0
008 260507s9999||||xx |||||||||||||| ||und||
020 _a9773033570
040 _cfsecg
041 _aara
082 _a330
100 _aحسن، أمين عبد العزيز
_eمؤلف
245 0 _aإستراتيجيات التسويق في القرن الحادي والعشرين /
_c أمين عبد العزيز حسن
260 _aالقاهرة:
_bدار قباء للنشر,
_c2001
300 _a408 صفحة؛
_bإيضاحات ؛
_c24 سم
504 _aببلوغرافيا ص.393
520 _aالتسويق والسلع والأسواق،إدارة العمليات التسويقية،البيئة التسويقية،تقسيم السوق،دراسة سلوك المستهلك والعملاء،نظم المعلومات التسويقية،تنظيم الوظيفة التسويقية،استراتيجية المنتجات،استراتيجية التسعير،استراتيجية التوزيع،استراتيجبة الترويج،استراتيجية إدارة المبيعات،التنبؤ بالمبيعات والتخطيط للربح،مهارات رجال البيع،الإعلان وأساليب ترويج المبيعات،التسويق والتجارة الإلكترونية
653 _aأدارة المبيعات
653 _aالاستراتيجية
653 _aالأسواق
653 _aالتسويق
942 _cكتاب
999 _c42542
_d42542